Handbook of library security / (Record no. 122886)

MARC details
000 -LEADER
fixed length control field 00692nam a22002177a 4500
005 - DATE AND TIME OF LATEST TRANSACTION
control field 20170124105917.0
010 ## - LIBRARY OF CONGRESS CONTROL NUMBER
LC control number B-129027
020 ## - INTERNATIONAL STANDARD BOOK NUMBER
Terms of availability 595.00
International Standard Book Number 9788178882147
035 ## - SYSTEM CONTROL NUMBER
System control number B-129027
037 ## - SOURCE OF ACQUISITION
Source of stock number/acquisition Cen Lib/Ret
040 ## - CATALOGING SOURCE
Original cataloging agency DPL
Language of cataloging EN
082 ## - DEWEY DECIMAL CLASSIFICATION NUMBER
Classification number 025.8
Item number GRE
100 ## - MAIN ENTRY--PERSONAL NAME
Personal name Grewal, Gagandeep
9 (RLIN) 2883
245 ## - TITLE STATEMENT
Title Handbook of library security /
Statement of responsibility, etc by Gagandeep Grewal
260 ## - PUBLICATION, DISTRIBUTION, ETC. (IMPRINT)
Place of publication, distribution, etc New Delhi
Name of publisher, distributor, etc Dominant Publishers
Date of publication, distribution, etc 2004
270 ## - ADDRESS
Address 4378/4-B, Murari La Street, Ansari Road, Darya Ganj
City New Delhi
Postal code 110002
300 ## - PHYSICAL DESCRIPTION
Extent v, 291p.
Dimensions 21cm(Hb)
650 ## - SUBJECT ADDED ENTRY--TOPICAL TERM
Topical term or geographic name as entry element Library Science
Form subdivision Handbook
9 (RLIN) 105205
650 ## - SUBJECT ADDED ENTRY--TOPICAL TERM
Topical term or geographic name as entry element Library System
Form subdivision Handbook
9 (RLIN) 2885
942 ## - ADDED ENTRY ELEMENTS (KOHA)
Source of classification or shelving scheme Dewey Decimal Classification
Koha item type English Books
Classification part 025.8
Call number suffix GRE
Holdings
Withdrawn status Lost status Damaged status Not for loan Collection code Home library Current library Date acquired Source of acquisition Cost, normal purchase price Total Checkouts Full call number Barcode Date last seen Copy number Cost, replacement price Price effective from Koha item type Source of classification or shelving scheme
      Not For Loan Reference Central Library Central Library 30/05/2015 Cen Lib/Ret 595.00   025.8 GRE B-129027 30/05/2015 1 595.00 30/05/2015 English Books  
      Not For Loan Reference Central Library Central Library 20/10/2016   295.00   025.8 GRE B-129026 20/10/2016 2 295.00 20/10/2016 English Books Dewey Decimal Classification

© Delhi Public Library
Hit Counter
free hit counter